Ako nájsť absolventov s praxou

Nedostatok kvalifikovanej odbornej pracovnej sily na Slovensku. Malý záujem o vzdelanie v technických odboroch. Fungujúci systém duálneho vzdelávania v Nemecku. Podstata duálneho vzdelávania. Celoslovenský projekt Fit4future s cieľom nájsť mladých ľudí s nadaním pre techniku. Odštartovanie duálneho...

Ausführliche Beschreibung

Gespeichert in:
Bibliographische Detailangaben
1. Verfasser: Jesný, Martin
Format: Buchkapitel
Sprache:Slowakisch
Schlagworte:
Tags: Tag hinzufügen
Keine Tags, Fügen Sie das erste Tag hinzu!

MARC

LEADER 00000naa a2200000 4500
001 0188834
005 20231113101436.4
041 0 |a slo 
044 |a SK 
245 1 0 |a Ako nájsť absolventov s praxou  |c Martin Jesný 
520 |a Nedostatok kvalifikovanej odbornej pracovnej sily na Slovensku. Malý záujem o vzdelanie v technických odboroch. Fungujúci systém duálneho vzdelávania v Nemecku. Podstata duálneho vzdelávania. Celoslovenský projekt Fit4future s cieľom nájsť mladých ľudí s nadaním pre techniku. Odštartovanie duálneho vzdelávania vo Volkswagene Slovakia. 
610 2 0 |a vzdelávanie 
610 2 0 |a kvalifikácia 
610 2 0 |a školy stredné odborné 
610 2 0 |a teória a prax 
610 2 0 |a firmy 
610 2 0 |a sily pracovné 
610 2 0 |a Nemecko 
610 2 0 |a Slovensko 
100 1 |a Jesný, Martin